Szczegóły MARC21

Practical financial management /

005 -DATA I CZAS OSTATNIEJ MODYFIKACJI [,]
    • @
    • pole kontrolne
    • 20140513101351.0
020 -Międzynarod. znormalizowany nr książki - ISBN [ , ]
    • a
    • Numer ISBN
    • 9781133593515 Find
020 -Międzynarod. znormalizowany nr książki - ISBN [ , ]
    • a
    • Numer ISBN
    • 1133593518 Find
020 -Międzynarod. znormalizowany nr książki - ISBN [ , ]
    • a
    • Numer ISBN
    • 9781133593522 (Package Ed.) Find
020 -Międzynarod. znormalizowany nr książki - ISBN [ , ]
    • a
    • Numer ISBN
    • 1133593526 (Package Ed.) Find
040 -Instytucja sporządzająca opis [ , ]
    • a
    • Instytucja, która sporządziła opis (NP)
    • SZCZ U/SA
    • c
    • Instytucja, która sporządziła rekord (NP)
    • SZCZ U/SA
    • d
    • Instytucja, która zmodyfikowała rekord (P)
    • SZCZ U/JŚ
041 -Język dokumentu [0, ]
    • a
    • Język tekstu (P)
    • angielski
044 -Kraj miejsca wydania [ , ]
    • a
    • Kraj miejsca wydania
    • USA
942 -Rodzaj dokumentu [ , ]
    • c
    • Rodzaj dokumentu
    • Książka
100 -Hasło główne - nazwa osobowa [1, ]
    • 9
    • KHW
    • 48138
    • a
    • Nazwa osobowa (NP)
    • Lasher, William R.
245 -Strefa tytułu i oznaczenia odpowiedzialności [1,0]
    • a
    • Tytuł
    • Practical financial management / Find
    • c
    • Pozostałe elementy strefy tytułu i oznaczenia odpowiedzialności (NP)
    • William R. Lasher.
250 -Strefa wydania [ , ]
    • a
    • Oznaczenie wydania (NP)
    • 7th ed.
260 -Strefa adresu wydawniczego [ , ]
    • a
    • Miejsce wydania (P)
    • [Mason, OH] :
    • b
    • Nazwa wydawcy (P)
    • South-Western Cengage Learning,
    • c
    • Data wydania (P)
    • cop. 2014.
300 -Strefa opisu fizycznego [ , ]
    • a
    • Określenie formy książki i/lub objętość (NP)
    • XXII, 836 s. :
    • b
    • Oznaczenie ilustracji (NP)
    • il. ;
    • c
    • Format (NP)
    • 25 cm.
500 -Uwaga ogólna [ , ]
    • a
    • Uwaga ogólna (NP)
    • Na okł.: International edition.
500 -Uwaga ogólna [ , ]
    • a
    • Uwaga ogólna (NP)
    • Zawiera kod dostępu w wersji online (ISBN 978-0-324-23596-8 ; 0-324-23596-8).
502 -Uwaga dot. dysertacji [ , ]
    • a
    • Uwaga dot. dysertacji
    • Indeks.
080 -Uniwersalna Klasyfikacja Dziesiętna [ , ]
    • 2
    • Identyfikator wydania tablic
    • UDC-P058
    • 9
    • UKD
    • 3176
    • a
    • Symbol klasyfikacji
    • 336.722.8
    • b
    • Dopowiedzenie
    • Zarządzanie funduszami.
    • 4
    • UKD2
    • 7644
    • x
    • Poddział wspólny
    • =111
    • c
    • Dopowiedzenie poddz. wspólnego
    • =Język angielski.
080 -Uniwersalna Klasyfikacja Dziesiętna [ , ]
    • 2
    • Identyfikator wydania tablic
    • UDC-P058
    • 9
    • UKD
    • 5622
    • a
    • Symbol klasyfikacji
    • 658.15
    • b
    • Dopowiedzenie
    • Zarządzanie finansami przedsiębiorstwa.
    • 4
    • UKD2
    • 7644
    • x
    • Poddział wspólny
    • =111
    • c
    • Dopowiedzenie poddz. wspólnego
    • =Język angielski.
980 -Symbol UKD [ , ]
    • a
    • UKD
    • 336.722.8:658.15]=111
710 -Hasło dodatkowe - nazwa ciała zbiorowego [2, ]
    • 4
    • Kod relacji
    • pbl
    • 9
    • KHW
    • 65656
    • a
    • Nazwa ciała zbiorowego lub nazwa geograficzna jako pierwszy element (NP)
    • Thomson South-Western.
920 -ISBN [ , ]
    • a
    • ISBN
    • 978-1-133-59351-5 Find
920 -ISBN [ , ]
    • a
    • ISBN
    • 1-133-59351-8 Find
920 -ISBN [ , ]
    • a
    • ISBN
    • 978-1-133-59352-2 (Package Ed.) Find
920 -ISBN [ , ]
    • a
    • ISBN
    • 1-133-59352-6 (Package Ed.) Find
Lokalizacja Data inwentaryzacji Sygnatura Numer inwentarzowy Status udost.
T2014-03-12T.15433T.15433-2